Представление документа в формате MARC21

Поле Инд. ПП Название Значение
Тип записи a
Библиографический уровень b
001 Контрольный номер RU/IS/BASE/100259191
005 Дата корректировки 20220429110604.1
084 a Индекс другой классификации/Индекс ББК 65.263.12-21
100 1_ a Автор Лепешкина М.
q Полное имя Лепешкина Марина
245 a Заглавие Инвестиционные риски
500 a Примечание Начало. Продолжение см. в № 1, 2003
504 a Библиография Лит. в конце статьи
520 a Аннотация Понятийный аппарат, классификация по признакам и особенностям, ранжирование, методы количественного анализа и управления
650 a Основная рубрика инвестиции
a Основная рубрика финансы
a Основная рубрика экономика
653 a Ключевые слова анализ эффективности инвестиций
a Ключевые слова инвестиционные риски
a Ключевые слова ранжирование
a Ключевые слова управление рисками (риск-менеджмент)
a Ключевые слова финансовый анализ
773 t Заглавие источника РИСК: ресурсы, информация, снабжение, конкуренция
d Дата издания источника 2002
g Прочая информация № 4. - С. 45 - 50 : табл.
w Контрольный № источника RU/IS/BASE/114871404
901 t Тип документа b